Facilitating student-centered teaching & learning / (Record no. 81852)

MARC details
000 -LEADER
fixed length control field 00794nam a22002417a 4500
003 - CONTROL NUMBER IDENTIFIER
control field URS
005 - DATE AND TIME OF LATEST TRANSACTION
control field 20260223154813.0
008 - FIXED-LENGTH DATA ELEMENTS--GENERAL INFORMATION
fixed length control field 250121b |||||||| |||| 00| 0 eng d
020 ## - INTERNATIONAL STANDARD BOOK NUMBER
International Standard Book Number 978-621-409-169-0
040 ## - CATALOGING SOURCE
Transcribing agency URS
050 00 - LIBRARY OF CONGRESS CALL NUMBER
Classification number LB1060
Item number .L324 2024
100 1# - MAIN ENTRY--PERSONAL NAME
Personal name Larioque, Ronaldo R. ...[et.al.]
Relator term Author
245 10 - TITLE STATEMENT
Title Facilitating student-centered teaching & learning /
Statement of responsibility, etc Ronaldo R. Larioque , Jose S. Luijim
264 #1 - PUBLICATION, DISTRIBUTION, ETC. (IMPRINT)
Place of publication, distribution, etc Mandaluyong City
Name of publisher, distributor, etc Books Atbp. publishing corp.
Date of publication, distribution, etc @2024
300 ## - PHYSICAL DESCRIPTION
Extent x, 289pages;
Other physical details illustration.
Dimensions 25cm.
336 ## - CONTENT TYPE
Source rdacontent
Content type term text
337 ## - MEDIA TYPE
Source rdamedia
Media type term unmediated
338 ## - CARRIER TYPE
Source rdacarrier
Carrier type term volume
504 ## - BIBLIOGRAPHY, ETC. NOTE
Bibliography, etc it includes references.
650 ## - SUBJECT ADDED ENTRY--TOPICAL TERM
Topical term or geographic name as entry element teaching and learning.
700 ## - ADDED ENTRY--PERSONAL NAME
Personal name Jugo, Rhodora R.
Relator term consultant
942 ## - ADDED ENTRY ELEMENTS (KOHA)
Source of classification or shelving scheme Library of Congress Classification
Koha item type Filipiniana
Holdings
Withdrawn status Lost status Source of classification or shelving scheme Damaged status Not for loan Home library Current library Shelving location Date acquired Source of acquisition Total Checkouts Full call number Barcode Date last seen Copy number Price effective from Koha item type Collection code
    Library of Congress Classification     Antipolo College Library Antipolo College Library Filipiniana Section 11/19/2025 Purchased   LB 1060 .L324 2024 URSANT-06060 11/19/2025 1 11/19/2025 Filipiniana Non-fiction
    Library of Congress Classification     Antipolo College Library Antipolo College Library Filipiniana Section 11/19/2025 Purchased   LB 1060 .L324 2024 URSANT-06061 11/19/2025 2 11/19/2025 Filipiniana Non-fiction
    Library of Congress Classification     Antipolo College Library Antipolo College Library Filipiniana Section 11/19/2025 Purchased   LB 1060 .L324 2024 URSANT-06062 11/19/2025 3 11/19/2025 Filipiniana Non-fiction
    Library of Congress Classification     Cainta College Library Cainta College Library Filipiniana Section 02/23/2026 Purchased   LB 1060.L324 2024 URSCAI-5648 02/23/2026   02/23/2026 Filipiniana Non-fiction
    Library of Congress Classification     Cainta College Library Cainta College Library Filipiniana Section 02/23/2026 Purchased   LB 1060.L324 2024 URSCAI-5649 02/23/2026   02/23/2026 Filipiniana Non-fiction
    Dewey Decimal Classification     Pililla College Library Pililla College Library   03/01/2025     371.102 L324 2024 URSPIL-7291 03/01/2025 1 03/01/2025 Filipiniana  
    Library of Congress Classification     Rodriguez College Library Rodriguez College Library Filipiniana Section 01/21/2025 Library fund   LB1060 .L324 2024 URSROD-5246 01/21/2025 1 01/21/2025 Filipiniana  

University of Rizal System
Email us at univlibservices@urs.edu.ph

Visit our Website www.urs.edu.ph/library